| 000 | 00620nam a22002417a 4500 | ||
|---|---|---|---|
| 003 | OSt | ||
| 005 | 20140310181931.0 | ||
| 008 | 130723t xxu||||| |||| 00| 0 eng d | ||
| 020 | _a0553213326 | ||
| 050 |
_aPR 4854 _b.K57 1983 |
||
| 082 |
_aCLA _bK62k 1983 |
||
| 100 |
_aKipling, Rudyard _92818 |
||
| 245 |
_aKim / _cRudyard Kipling |
||
| 260 |
_aNew York : _bBantam Books, _cc1983. |
||
| 300 |
_a265 p. : _c17 cm. |
||
| 521 | _aBasic Ed. Students | ||
| 541 | _j1 | ||
| 541 | _j2 | ||
| 541 | _j3 | ||
| 562 | _e3 | ||
| 650 |
_aInternational Baccalaureate. _9127 |
||
| 942 |
_2lcc _cBBK _kCLA |
||
| 999 |
_c7395 _d7395 |
||